| 000 | 01314nam0a22002771 4500 | ||
|---|---|---|---|
| 001 | rc\3950569 | ||
| 005 | 20260406134428.0 | ||
| 021 |
_aRU _b[55-53540] |
||
| 035 | _a(NLR Aleph) 008044225 | ||
| 090 |
_a8900771 _c8900771 |
||
| 100 | _a20130415d1955 |||y0rusy50 ca | ||
| 101 | 0 | _arus | |
| 102 | _aRU | ||
| 105 | _ay z ||||| | ||
| 200 | 1 |
_aВажнейшие итоги научных исследований за последние годы _e[Работа института за 1953-1954 гг.] _fАкад. наук Белорус. ССР. Ин-т соц. сельского хозяйства |
|
| 210 |
_aМинск _cИзд-во Акад. наук БССР _d1955 |
||
| 215 |
_a40 с. _d20 |
||
| 606 |
_aРастениеводство _xНаучно-исследовательская работа _yБелорусская ССР _2psbo |
||
| 700 | 1 |
_aШемпель _bВ.И. _f1908- _gВиктор Иванович |
|
| 701 | 1 |
_7ca _8rus _aЗабелло _bД. А. _f1903- _gДмитрий Аврамович _3RU\NLR\AUTH\770278540 _92650507 |
|
| 712 | 0 | 2 |
_aИнститут социалистического сельского хозяйства _cМинск _3RU\NLR\AUTH\889917458 _9331084 |
| 801 | 0 |
_aRU _bNLR _gpsbo |
|
| 801 | 1 |
_aRU _bELAR _2rusmarc |
|
| 852 |
_aNLR _jС30 Г-4/1441 |
||
| 942 | _cBOOK | ||
| 980 | _aNB | ||